| 000 | 00925nam a2200265 i 4500 | ||
|---|---|---|---|
| 005 | 20230718154256.0 | ||
| 008 | 230718t20102010my a g 000 0 may d | ||
| 020 |
_a9789676123794 _cRM10.00 (Hadiah) _qpaperback |
||
| 040 |
_aPPAK _beng _cPPAK _erda |
||
| 082 | 0 | 4 |
_223 _a324.2209595 |
| 090 | 0 | 0 |
_a324.2209595 _bAHM _dG |
| 100 | 0 |
_aAhmad Atory Hussain, _d1951- _eauthor. |
|
| 245 | 1 | 0 |
_aYB oh YB! : _bANTARA PERANAN DAN TANGGUNGJAWAB / _cAHMAD ATORY HUSSAIN |
| 264 | 1 |
_aKuala Lumpur : _bUtusan Publications & Distributors Sdn Bhd., _c2010 |
|
| 264 | 4 | _c©2010 | |
| 300 |
_a349 pages ; _billustrations ; _c22 cm |
||
| 336 |
_atext _2rdacontent |
||
| 337 |
_aunmediated _2rdamedia |
||
| 338 |
_avolume _2rdacarrier |
||
| 500 | _aIncludes index | ||
| 504 | _aBibliography : pages 310-316 | ||
| 650 | 1 | 0 |
_aPoliticians _zMalaysia |
| 651 | 0 |
_aMalaysia _xPolitics and government |
|
| 942 |
_2ddc _cB |
||
| 999 |
_c192559 _d192559 |
||